000 00320nam a22001217a 4500
008 180606b xxu||||| |||| 00| 0 eng d
041 _aeng
080 _a043.3
100 _a0
101 _aMEK-BTH
245 _aSenzorët e rrjetave pa tela dhe aplikimi i tyre në fusha të ndryshme
_cHaxhijakupi,Sh
942 _2udc
_cBK
999 _c46374
_d46374